عرض عادي
عرض مارك
- Hornsby, E. John.
مدخل إسم شخص
001 - رقم الضبط
- حقل الضبط: 18122
003 - معرف رقم الضبط
- حقل الضبط: OSt
005 - تاريخ ووقت أخر عملية
- حقل الضبط: 20121203224806.0
008 - عناصر بيانات ثابتة الطول
- حقل تحكم ثابت الطول: 121203|||a|||||| | ||| d
040 ## - مصدر الفهرسة
- هيئة الفهرسة الأصلية: OSt
- وكالة الكتابة: OSt
100 ## - مدخل -- أسم شخص
- إسم شخص: Hornsby, E. John.
670 ## - بيانات المصدر موجوده
- الاستشهاد بالمصدر: Work cat.: (OSt)0: Lial, Margaret L. 18121, Intermediate algebra /, 2010.
